| 000 | 01239nam a2200325 i 4500 | ||
|---|---|---|---|
| 003 | EG-GICUC | ||
| 005 | 20260416114549.0 | ||
| 008 | 260416s1928 fr ||||fr|||| 00| 0 fre d | ||
| 040 |
_aEG-GiCUC _bfre _cEG-GiCUC _dEG-GiCUC _eRda |
||
| 041 |
_afre _hfre |
||
| 082 | 0 | 4 |
_221 _a343.766 _bTO . P |
| 092 | 0 | 4 | _221 |
| 099 | _aLaw1 10 343.766 TO . P 1928 | ||
| 100 | 1 |
_aToulemon, André _eAuteur |
|
| 245 | 1 | 3 |
_aLe progrès des institutions pénales : _b(essai de sociologie criminelle) / _cpar André Toulemon. |
| 264 | 1 |
_aParis : _bRecueil Sirey, _c1928. |
|
| 300 |
_a249 pages ; _c23 cm. |
||
| 336 |
_2rda contenu _a texte |
||
| 337 |
_2rda medias _aOrdinateur |
||
| 338 |
_2 transporteur rda _a Ressource en ligne |
||
| 505 | _a Introduction. -- Méthodes et principes. -- Application au progrès et à la décadence des institutions pénales. -- Appendice: Progrès parallèle des institutions pénales et progrès de la démocratie. | ||
| 650 | 1 | _aDroit pénal | |
| 650 | 1 | _aPrisons, établissements pénitentiaires et correctionnels | |
| 650 | 1 | _aCrime et criminels | |
| 650 | 1 | _aDémocratie | |
| 650 | 1 | _aPrisons | |
| 856 | 4 | 0 | _uhttps://fll.law.cu.edu.eg/fulltext/bks/B10-09129.pdf |
| 905 | _a43 | ||
| 942 |
_2ddc _n0 _cBK _e21 |
||
| 999 |
_c71392 _d71392 |
||